000 01109nam a2200337Ia 4500
003 OSt
005 20220912150416.0
006 a|||||r|||| 00| 0
007 ta
008 220909b |||||||| |||| 00| 0 eng d
020 _a1852337605 (hbd)
024 _a16206
037 _b10897, 18/10/2005, Govinda Book House
037 _cTextbook
040 _aCSL
_beng
_cCSL
041 _aeng
082 _aB2872, P5 TB28
100 _aLongford Nicholas T
245 0 _aMissing data and small-area estimation:modern analytical equipment for the survey statistician
260 _aNew York Springer Science+Business Media, Inc.
_c2005
300 _axv,357p
490 _aStatistics for social science and public policy
500 _aBibliographical references 337-351p; Index 353-357p
650 _a Estimation theory
650 _a Missing observations
650 _a Social surveys
650 _a Surveys-methodology
650 _aStatistics
942 _hB2872, P5 TB28
_cTB
_2CC
999 _c46917
_d46917